|
|
|
|
| LEADER |
01062nam a22002297a 4500 |
| 001 |
AAL8290 |
| 003 |
BD-DhAAL |
| 005 |
20160229182208.0 |
| 008 |
160229s 2015bg ||||| |||| 00| 0 ben d |
| 020 |
|
|
|a 9847034305531
|
| 082 |
|
|
|a 891.4437
|
| 100 |
|
|
|a গঙ্গোপাধ্যায়, সুনীল
|9 18246
|
| 245 |
|
|
|a অরন্যের দিনরাত্রি /
|c সুনীল গঙ্গোপাধ্যায়
|
| 260 |
|
|
|a ঢাকা :
|b মাটিগন্ধা
|c ২০১৫
|
| 300 |
|
|
|a ১১৯ পৃ. ;
|c ২২ সে.মি.
|
| 541 |
|
|
|e 8290
|
| 650 |
|
|
|a Bengali fiction
|9 18247
|
| 852 |
|
|
|a Savar Campus Library
|c General Shelf
|
| 942 |
|
|
|2 ddc
|c BK
|
| 999 |
|
|
|c 36959
|d 36959
|
| 952 |
|
|
|0 0
|1 0
|2 ddc
|4 0
|6 891_443700000000000_GON
|7 0
|9 58210
|a SCL
|b SCL
|c GEN
|d 2016-02-29
|g 200.00
|l 30
|m 61
|o 891.4437 GON
|p 3020008290
|r 2026-04-27
|s 2026-04-23
|t 1
|w 2016-02-29
|y BK
|
| 952 |
|
|
|0 0
|1 0
|2 ddc
|4 0
|6 891_443700000000000_GON
|7 0
|9 58293
|a SCL
|b SCL
|c GEN
|d 2016-03-06
|g 200.00
|l 23
|m 71
|o 891.4437 GON
|p 3020008289
|r 2025-07-13
|s 2025-06-25
|t 2
|w 2016-03-06
|y BK
|